Transmission systems / (Record no. 155526)

MARC details
000 -LEADER
fixed length control field 00851aam a2200253 a 4500
008 - FIXED-LENGTH DATA ELEMENTS--GENERAL INFORMATION
fixed length control field
020 ## - INTERNATIONAL STANDARD BOOK NUMBER
International Standard Book Number 0863411487
049 ## - LOCAL HOLDINGS (OCLC)
Holding library MAIN
090 ## - LOCALLY ASSIGNED LC-TYPE CALL NUMBER (OCLC); LOCAL CALL NUMBER (RLIN)
Classification number (OCLC) (R) ; Classification number, CALL (RLIN) (NR) TK5105
Local cutter number (OCLC) ; Book number/undivided call number, CALL (RLIN) TRA
003 - CONTROL NUMBER IDENTIFIER
control field
005 - DATE AND TIME OF LATEST TRANSACTION
control field 20230123133835.0
040 ## - CATALOGING SOURCE
Transcribing agency NUST
245 00 - TITLE STATEMENT
Title Transmission systems /
Statement of responsibility, etc. edited by J.E. Flood and P. Cochrane.
260 ## - PUBLICATION, DISTRIBUTION, ETC.
Place of publication, distribution, etc. Herts, U.K. :
Name of publisher, distributor, etc. P. Peregrinus on behalf of the Institution of Electrical Engineers,
Date of publication, distribution, etc. c1991.
300 ## - PHYSICAL DESCRIPTION
Extent xxii, 503 p. :
Other physical details ill. ;
Dimensions 24 cm.
440 #0 - SERIES STATEMENT/ADDED ENTRY--TITLE
Title IEE telecommunications series ;
Volume/sequential designation 27
504 ## - BIBLIOGRAPHY, ETC. NOTE
Bibliography, etc. note Includes bibliographical references and index.
650 #0 - SUBJECT ADDED ENTRY--TOPICAL TERM
Topical term or geographic name entry element Telecommunication systems.
653 ## - INDEX TERM--UNCONTROLLED
Uncontrolled term Telecommunication equipment.
700 1# - ADDED ENTRY--PERSONAL NAME
Personal name Flood, J. E.
Fuller form of name (John Edward)
700 1# - ADDED ENTRY--PERSONAL NAME
Personal name Cochrane, P.
Fuller form of name (Peter)
907 ## - LOCAL DATA ELEMENT G, LDG (RLIN)
a .b10007301
b 07-05-12
c 17-04-03
942 ## - ADDED ENTRY ELEMENTS (KOHA)
Koha item type Ordinary Loan Books
Call number prefix TK5105
Call number suffix TRA
Holdings
Date last seen Total Checkouts Full call number Barcode Cost, replacement price Price effective from Koha item type Lost status Source of classification or shelving scheme Damaged status Not for loan Collection Withdrawn status Home library Current library Shelving location Date acquired Cost, normal purchase price
01/23/2023 6 TK5105 TRA 92003017683 80.00 01/23/2023 BOOKS   LCC     NFIC   MAIN MAIN GEN 01/23/2023 80.00